00313nam a2200121Ia 4500008004100000041000800041082001500049100001500064245002900079260004300108300003300151365000700184240624s9999 xx 000 0 und d aeng a006.76 EVJ aEVJEN BILL aPROFESSIONAL ASP NET 2 0 c2006aNew DelhibWiley Dreamtech India axxxi, : 1253 : p. : cm. ; 23 cRS